Guía del archivo de la antigua Academia de San Carlos, 1781-1800 / (Record no. 62319)

MARC details
000 -LEADER
campo de control de longitud fija 00782nam a2200205 i 4500
001 - NÚMERO DE CONTROL
campo de control 62319
003 - IDENTIFICADOR DE NÚMERO DE CONTROL
campo de control ES-MaACL
005 - FECHA Y HORA DE LA ÚLTIMA TRANSACCIÓN
campo de control 20230906164639.0
007 - CAMPO FIJO DE DESCRIPCIÓN FÍSICA--INFORMACIÓN GENERAL
campo de control de longitud fija t|
008 - DATOS DE LONGITUD FIJA--INFORMACIÓN GENERAL
campo de control de longitud fija 031119s1969 mx ||||1| spa d
100 1# - ENTRADA PRINCIPAL--NOMBRE DE PERSONA
Nombre de persona Fernández, Justino.
9 (RLIN) 49395
245 10 - MENCIÓN DEL TÍTULO
Título Guía del archivo de la antigua Academia de San Carlos, 1781-1800 /
Mención de responsabilidad, etc. Justino Fernández.
250 ## - MENCION DE EDICION
Mención de edición [1ª ed.].
260 ## - PUBLICACIÓN, DISTRIBUCIÓN, ETC.
Lugar de publicación, distribución, etc. México :
Nombre del editor, distribuidor, etc. Universidad Nacional Autónoma de México,
Fecha de publicación, distribución, etc. [1969]
300 ## - DESCRIPCIÓN FÍSICA
Extensión 114 p. ;
Dimensiones 23 cm.
500 ## - NOTA GENERAL
Nota general Suplemento 3 del núm. 37 de los Anales del Instituto de Investigaciones Estéticas.
610 24 - PUNTO DE ACCESO ADICIONAL DE MATERIA--NOMBRE DE ENTIDAD CORPORATIVA
Nombre de entidad corporativa o nombre de jurisdicción como elemento de entrada Academia Nacional de San Carlos (México)-
Subdivisión general Archivos-
Subdivisión de forma Catálogos.
9 (RLIN) 141772
710 2# - ENTRADA AGREGADA--NOMBRE DE ENTIDAD CORPORATIVA
Nombre de entidad corporativa o nombre de jurisdicción como elemento de entrada Universidad Nacional Autónoma de México.
9 (RLIN) 7397
852 ## - LOCALIZACIÓN
Ubicación ES-MaACL
Número de control de estantería C-44078
Sublocalización o colección R.70519
Holdings
Estatus retirado Estado de pérdida Estado de daño No para préstamo Biblioteca de origen Biblioteca actual Ubicación en estantería Fecha de adquisición Fuente de adquisición Total de préstamos Signatura topográfica completa Código de barras Visto por última vez Precio de reemplazo Tipo de ítem Koha
        Biblioteca del Ateneo de Madrid Biblioteca del Ateneo de Madrid Depósito 2 17/01/2008     C-44078 1065335 23/02/2023 23/02/2023 Libro impreso